000
00270 a2200121 4500
245
_a
Nutrition et soins de santé primaires
100
_a
Ndiaye, A. M.
300
_a
48 p.
035
_a
7562
999
_c
17552
_d
17552